00441nam a2200169Ia 450000500170000000800410001704000190005804100120007708200210008910000250011024500390013526000340017430000100020865000230021865100200024185000100026120230413143754.0131103s9999 xx 000 0 und d aLoreto College aEnglish aTAG 891.443bTAG aTagore, Rabindranath aSasher kabitacRabindranath Tagore aCalcuttabViswa-Bharatic1958 a184p  aBengali Literature aBengali Fiction aLCLIB